| 000 | 00725nam a2200205 a 4500 | ||
|---|---|---|---|
| 005 | 20140412111241.0 | ||
| 008 | 010426s19uu xx 00 eng d | ||
| 020 | _a0-679-83951-8 | ||
| 050 |
_aTR(PS E _bIt1 1986 |
||
| 100 | _aHautzig, Deborah | ||
| 245 |
_aIt's not fair! / _cby Deborah Hautzig; illustrated by Tom Leigh. |
||
| 260 |
_aNew York : _bRandom House/Children's Television Workshop, _c1986. |
||
| 300 | _a1v. (unp.) ; ill. | ||
| 500 | _aFeaturing Jim Henson's Sesame Street Muppets | ||
| 520 | _aWhen irresponsible Ernie seems to be taking all the credit for Bert and threatens their friendship | ||
| 650 | _aAnger-Fiction | ||
| 650 | _aFriendship-Fiction | ||
| 650 | _aPuppets-Fiction | ||
| 999 |
_c102717 _d102717 |
||